Countries Starting with Double Consonants - Statistics

General Stats
  • This quiz has been taken 217 times
    188 since last reset
  • The average score is 15 of 24
Answer Stats
Country % Correct
Brazil
87%
Sweden
81%
Switzerland
80%
France
77%
Spain
77%
Chile
75%
China
74%
Thailand
71%
Croatia
68%
Greece
67%
Slovakia
67%
Slovenia
67%
Chad
64%
Brunei
62%
Bhutan
61%
Czech Republic
59%
Swaziland
56%
Trinidad and Tobago
56%
Djibouti
50%
Ghana
50%
Grenada
50%
Sri Lanka
50%
Philippines
49%
Rwanda
40%
No matching quizzes found
Score Distribution
Percent of People with Each Score
Percentile by Number Answered
Your Score History
You have not taken this quiz since the last reset